Lenguaje : Graduado escolar y estudios básicos similares

Guardado en:
Detalles Bibliográficos
Autor principal: Martín Mateos, José Luis
Formato: Libro
Lenguaje:español
Publicado: Madrid Academia N. Politécnica 1974
Catálogo:MANES:  Resultados de Búsqueda del Catálogo
Clasificación de libros de texto:
Etiquetas: Agregar Etiqueta
Sin Etiquetas, Sea el primero en etiquetar este registro!
Añadido a:2019-05-20
Cambiado en:2025-05-07

MARC

LEADER 00000nam a2200000Ia 4500
003 aOSt
005 20250507133353.0
008 190521s9999 xx 000 0 spa d
561 |5 es-CICE  |3 FMa/L128  |a España. Centro Internacional de la Cultura Escolar  |k MANES 
999 |c 104449  |d 104449 
020 |a 8473730216 
040 |c Centro_internacional del a cultura escolar  |a centro_manes 
100 |a Martín Mateos, José Luis  |9 31252 
245 1 1 |a Lenguaje : Graduado escolar y estudios básicos similares 
260 |a Madrid   |b Academia N. Politécnica  |c 1974 
300 |a 329 p.  |c 24.5x17.5 cm 
500 |a Contiene ilustraciones en blanco y negro y ejercicios para el alumno. 
546 |a España 
690 0 |a LEN 
691 0 |a SE 
942 |c BK  |2 ddc 
999 |c manes:104449  |d 104449